The Characters of Fire Emblem: The Sacred Stones by Picture - Statistics

General Stats
  • This quiz has been taken 13 times
  • The average score is 28 of 34
Answer Stats
Picture Answer % Correct
Eirika
100%
Forde
100%
Seth
100%
Colm
91%
Ephraim
91%
Joshua
91%
L'Arachel
91%
Lute
91%
Marisa
91%
Myrrh
91%
Tethys
91%
Amelia
82%
Artur
82%
Cormag
82%
Duessel
82%
Franz
82%
Gerik
82%
Natasha
82%
Orson
82%
Ross
82%
Tana
82%
Vanessa
82%
Dozla
73%
Garcia
73%
Gilliam
73%
Innes
73%
Knoll
73%
Kyle
73%
Rennac
73%
Saleh
73%
Ewan
64%
Moulder
64%
Neimi
64%
Syrene
64%
No matching quizzes found
Score Distribution
Percent of People with Each Score
Percentile by Number Answered
Your Score History
You have not taken this quiz